Reflexiones temáticas sobre derecho electoral /
Compilación de trabajos de derecho electoral mexicano, escritos por el autor a la par de su desempeño de la jurisdicción comicial en la Sala Superior del Tribunal Electoral del Poder Judicial de la Federación (TEPJF): 1) Bases constitucionales del derecho electoral mexicano, 2) Reglas comunes a los...
Bewaard in:
| Hoofdauteur: | |
|---|---|
| Formaat: | Boek |
| Taal: | Spaans |
| Gepubliceerd in: |
México :
Tribunal Electoral del Poder Judicial de la Federación,
2006, c2006
|
| Onderwerpen: | |
| Tags: |
Geen labels, Wees de eerste die dit record labelt!
|
MARC
| LEADER | 00000nam^a2200000^a^4500 | ||
|---|---|---|---|
| 001 | 000318678 | ||
| 005 | 20250620000000.0 | ||
| 009 | 20260310113419.832 | ||
| 020 | |a 970-671-240-2 | ||
| 025 | |a Donación María del Mar Enríquez Domínguez, 1 ejemplar | ||
| 037 | |a Acervo ITESO - Biblioteca | ||
| 041 | |a ESP | ||
| 082 | |a 342. 7207 |b CAS | ||
| 100 | |a Castillo González, Leonel |e (autor) | ||
| 245 | 1 | 0 | |a Reflexiones temáticas sobre derecho electoral / |c L. Castillo González. |
| 264 | 4 | |a México : |b Tribunal Electoral del Poder Judicial de la Federación, |c 2006, c2006 | |
| 300 | |a XI, 306 p. | ||
| 336 | |a texto |b txt |2 rdacontenido | ||
| 337 | |a sin mediación |b n |2 rdamedio | ||
| 338 | |a volumen |b nc |2 rdasoporte | ||
| 520 | |a Compilación de trabajos de derecho electoral mexicano, escritos por el autor a la par de su desempeño de la jurisdicción comicial en la Sala Superior del Tribunal Electoral del Poder Judicial de la Federación (TEPJF): 1) Bases constitucionales del derecho electoral mexicano, 2) Reglas comunes a los medios de impugnación, 3) Evolución de los derechos político-electorales en la jurisdicción electoral, 4) El juicio de revisión constitucional electoral y los procesos de democracia directa, 5) El juicio para la protección de los derechos político-electorales, 6) La ejecución de sentencias en materia electoral, 7) Comentarios sobre la prueba en materia electoral, 8) Residencia, domicilio y vecindad en la jurisprudencia electoral, 9) Interpretación y aplicación de las normas a las culturas indígenas, 10) Reflexiones sobre la libertad de sufragio, 11) El derecho a la información en materia electoral, 12) Actuación de los jueces de distrito en la jornada electoral, en la etapa de resultados y en la impugnativa y 13) Sistema rector de la jurisprudencia electoral. | ||
| 649 | |a XX | ||
| 650 | |a Derecho Electoral - |z México - |x Tema Principal | ||
| 650 | |a Derecho Político - |z México | ||
| 650 | |a Derecho Constitucional - |z México | ||
| 650 | |a Derecho Público - |z México | ||
| 910 | |a Fondo General | ||
| 920 | |a Impresos - Libros | ||
| 930 | |a Colección General | ||
| 905 | |a 101 | ||
| 901 | |a 0500205614 |b IT1 |c ACC |d DT |i D |u 20250620 | ||
| 902 | |a https://opac.biblio.iteso.mx/vufind/Record/000318678 | ||